Dead JoJo Characters (Parts 1-5) - Statistics

General Stats
  • This quiz has been taken 34 times
    31 since last reset
  • The average score is 27 of 99
Answer Stats
Killer Character % Correct
Dio Brando George Joestar I
79%
Zombie General George Joestar II
79%
Jotaro Kujo DIO
74%
Vanilla Ice Iggy
74%
Wamuu Caesar Zeppeli
68%
Dio Brando ? Jonathan Joestar
63%
Vanilla Ice Muhammed Avdol
63%
DIO Noriaki Kakyoin
63%
Yoshikage Kira † Jotaro Kujo
58%
Giorno Giovanna ? Diavolo
53%
Ambulance Yoshikage Kira
53%
Diavolo ? Bruno Bucciarati
47%
Dio Brando Danny
47%
Dio Brando Dario Brando
47%
Diavolo Jean Pierre Polnareff
47%
DIO † Joseph Joestar
47%
Diavolo Narancia Ghirga
47%
Bruno Bucciarati Pesci
47%
Yoshikage Kira Shigekiyo Yangu
47%
Accident Mary Joestar
42%
Jean Pierre Polnareff Vanilla Ice
42%
Joseph Joestar Wamuu
42%
Tarkus Will Zeppeli
42%
Guido Mista ? Doppio
37%
Joseph Joestar Esidisi
37%
Jean Pierre Polnareff J. Geil
37%
Yoshikage Kira † Josuke Higashikata
37%
Bruno Bucciarati Prosciutto
37%
Narancia Ghirga Risotto Nero
37%
Captain Tennille Impostor Captain Tennille
32%
Dio Brando Dire
32%
Narancia Ghirga Formaggio
32%
Cioccolata Gelato
32%
Giorno Giovanna Ghiaccio
32%
Pannacotta Fugo Illuso
32%
Yoshikage Kira † Koichi Hirose
32%
Diavolo Leone Abbacchio
32%
Yoshikage Kira † Okuyasu Nijimura
32%
Iggy Pet Shop
32%
Giorno Giovanna Polpo
32%
Stalingrad Rudol Von Stroheim
32%
Cioccolata Sorbet
32%
Yoshikage Kira Aya Tsuji
26%
Jonathan Joestar Bruford
26%
Steely Dan Enya Geil
26%
Giorno Giovanna "Leaky-Eye" Luca
26%
Wamuu Mark
26%
Giorno Giovanna Melone
26%
Pericolo Pericolo
26%
Yoshikage Kira Reimi Sugimoto
26%
Yoshikage Kira † Rohan Kishibe
26%
Jonathan Joestar Tarkus
26%
Guido Mista Carne
21%
Giorno Giovanna Cioccolata
21%
Jotaro Kujo Forever
21%
Jonathan Joestar Jack the Ripper
21%
Yoshikage Kira Kosaku Kawajiri
21%
Esidisi Loggins
21%
Bruno Bucciarati Secco
21%
Narancia Ghirga Squalo
21%
Shinobu Kawajiri † Tama
21%
Jonathan Joestar Wang Chan
21%
Jonathan Joestar Adams
16%
Yoshikage Kira Arnold
16%
Rohan Kishibe Cheap Trick
16%
J. Geil Chérie Polnareff
16%
Dio Brando Father Styx
16%
Noriaki Kakyoin Gray Fly
16%
Akira Otoishi Keicho Nijimura
16%
Pillarmen Mario Zeppeli
16%
N'Doul N'Doul
16%
Joseph Joestar Nena
16%
Straizo Straizo
16%
Josuke Higashikata Yoshihiro Kira
16%
Pet Shop Buchi
11%
Pet Shop Chibi
11%
Jean Pierre Polnareff Devo the Cursed
11%
Yoshikage Kira † Hayato Kawajiri
11%
Anjuro Katagiri Ryohei Higashikata
11%
Josuke Higashikata Bug-Eaten
5%
Jotaro Kujo Captain Tennille Impostor
5%
Jonathan Joestar Doobie
5%
Dio Brando Inspector Archer
5%
Straizo Jones
5%
Queen Elizabeth I Mary Stuart
5%
Josuke Higashikata Not Bug-Eaten
5%
Straizo Page
5%
Gangsters Paolo Bucciarati
5%
Straizo Plant
5%
Rubber Soul Pocky
5%
Narancia Ghirga Tizione
5%
Straizo Bornnam
0%
Yoshikage Kira Kazuko Sugimoto
0%
Cheap Trick Masazo Kinoto
0%
Yoshikage Kira Minako Okura
0%
Yoshikage Kira Satoru Nakae
0%
Yoshikage Kira Takashi Sugimoto
0%
DIO Wilson Phillips
0%
Elizabeth Joestar Wired Beck
0%
No matching quizzes found
Score Distribution
Percent of People with Each Score
Percentile by Number Answered
Your Score History
You have not taken this quiz since the last reset